000
00367nam a22001337a 4500
999
_c
13592
_d
13592
020
_a
9693508092
082
_a
925.3
100
_a
ڈاکٹر مجاہد کامران
245
_a
جدید طبیعیات کے بانی
260
_a
لاہور
_b
سنگ میل پبلیکیشنز
_c
١٩٩٧
300
_a
٣٢٧ صفحات
650
_a
Modern Physicist
942
_c
BK